Exorcismo y oración de liberación. Memorias curso teológico - pastoral Noviembre 2019
Saved in:
| Institution som forfatter: | |
|---|---|
| Andre forfattere: | |
| Format: | Bog |
| Sprog: | engelsk |
| Udgivet: |
Bogotá, Colombia:
Conferencia Episcopal de Colombia,
2020
|
| Fag: | |
| Tags: |
Tilføj Tag
Ingen Tags, Vær først til at tagge denne postø!
|
MARC
| LEADER | 00000nam a22000007a 4500 | ||
|---|---|---|---|
| 003 | CL-VaPUC | ||
| 005 | 20220325121501.0 | ||
| 008 | 220310b2020 ||||| |||| 00| 0 eng d | ||
| 999 | |c 434795 |d 434793 | ||
| 020 | |a 978-958-663-091-7 | ||
| 040 | |c Pontificia Universidad Católica de Valparaíso | ||
| 082 | 7 | |a 265.94 CON 2020 |2 22 | |
| 110 | 1 | |a Conferencia Episcopal de Colombia, |b Departamento de Doctrina |9 867113 | |
| 245 | |a Exorcismo y oración de liberación. |b Memorias curso teológico - pastoral Noviembre 2019 | ||
| 260 | |a Bogotá, Colombia: |b Conferencia Episcopal de Colombia, |c 2020 | ||
| 300 | |a 280 páginas | ||
| 500 | |a C1. Donación Profesor Juan Daniel Escobar, ICR. Correo 10/03/2022 | ||
| 583 | |c 20220310 |k Sebastián Perez | ||
| 650 | 0 | |a Exorcismo |9 319894 | |
| 650 | 0 | |a Oración de liberación |x Exorcismo |9 867117 | |
| 700 | 1 | |a Bustamante Mora, P. Jorge Enrique |e recopilador y traductor |9 867114 | |
| 942 | |2 ddc |c BK | ||
| 952 | |0 0 |1 0 |2 ddc |4 0 |6 265_940000000000000_CON_2020 |7 0 |8 A |9 581803 |a BIBTEO |b BIBTEO |c GEN |d 2022-03-10 |e Donación |i 5650050 |l 1 |m 1 |o 265.94 CON 2020 |p 5650050 |r 2025-01-17 |s 2023-12-04 |t 1 |w 2022-03-10 |y BK |k ICR | ||